[Event "Bad Woerishofen Sen"]
[Site "Bad Woerishofen"]
[Date "2001.??.??"]
[Round "4"]
[White "Buchner, Matthias"]
[Black "Weber, Siegfried"]
[Result "1/2-1/2"]
[WhiteElo "1700"]
[BlackElo "1587"]
[Annotator "ChessOrg"]
[PlyCount "94"]
[EventDate "1998.03.05"]
[Source "ChessBase"]
[SourceDate "1998.04.29"]

1. e4 c5 2. Nf3 Nc6 3. d4 cxd4 4. Nxd4 Nf6 5. Nc3 g6 6. Bc4 Qa5 7. O-O Bg7 8.
Nxc6 dxc6 9. Bd2 Qc5 10. Be2 O-O 11. Be3 Qb4 12. a3 Qxb2 13. Na4 Qe5 14. f3
Nxe4 15. fxe4 Qxe4 16. Qd3 Qxa4 17. Rad1 Bg4 18. Bxg4 Qxg4 19. Qd7 Qc4 20. Qxb7
a6 21. Qxe7 Rae8 22. Qc5 Re4 23. Bf2 Rfe8 24. Rd6 Qxc5 25. Bxc5 Rc4 26. Rxc6
Bd4+ 27. Bxd4 Rxc6 28. c3 Rce6 29. h3 Re1 30. Rxe1 Rxe1+ 31. Kf2 Rb1 32. g4 f5
33. gxf5 gxf5 34. Kg3 Kf7 35. h4 Rb3 36. Kf4 Kg6 37. h5+ Kxh5 38. Kxf5 Rxa3 39.
Ke4 Ra4 40. Kd5 Rxd4+ 41. cxd4 Kg4 42. Ke6 a5 43. d5 a4 44. d6 a3 45. d7 a2 46.
d8=Q a1=Q 47. Qg8+ Kf4 1/2-1/2

[Event "Bad Woerishofen Sen"]
[Site "Bad Woerishofen"]
[Date "2001.??.??"]
[Round "7"]
[White "Buchner, Matthias"]
[Black "Franz, Irma"]
[Result "1/2-1/2"]
[WhiteElo "1700"]
[BlackElo "1370"]
[Annotator "ChessOrg"]
[PlyCount "54"]
[EventDate "1998.03.05"]
[Source "ChessBase"]
[SourceDate "1998.04.29"]

1. e4 e5 2. Bc4 Nc6 3. Nf3 h6 4. d4 exd4 5. Nxd4 Ne5 6. Qe2 Nxc4 7. Qxc4 c6 8.
O-O b5 9. Qe2 Ne7 10. Be3 g6 11. Nd2 Bg7 12. c3 O-O 13. N2f3 d6 14. h3 Bd7 15.
Qd2 h5 16. Bh6 f6 17. Bxg7 Kxg7 18. Ne2 Be6 19. Rfd1 d5 20. Nf4 Bf7 21. Nd4 Qc8
22. exd5 Nxd5 23. Nxd5 Bxd5 24. Nxb5 Bxg2 25. Nd6 Qxh3 26. f4 Qh1+ 27. Kf2 Qh3
1/2-1/2

[Event "Bad Woerishofen Sen"]
[Site "Bad Woerishofen"]
[Date "2001.??.??"]
[Round "8"]
[White "Buchner, Matthias"]
[Black "Malin, Klaus"]
[Result "0-1"]
[WhiteElo "1700"]
[BlackElo "1616"]
[Annotator "ChessOrg"]
[PlyCount "74"]
[EventDate "1998.03.05"]
[Source "ChessBase"]
[SourceDate "1998.04.29"]

1. e4 e5 2. Bc4 Nf6 3. d4 Nxe4 4. dxe5 Bc5 5. Bxf7+ Kxf7 6. Qd5+ Ke8 7. Qxe4
Qe7 8. Nf3 h6 9. O-O d6 10. Nc3 Nc6 11. exd6 Bxd6 12. Qxe7+ Kxe7 13. Bf4 Bxf4
14. Nd5+ Kf7 15. Nxf4 Bg4 16. Ne1 g5 17. f3 Bf5 18. Nd5 Rac8 19. Ne3 Bg6 20. c3
Rhe8 21. N1c2 Re7 22. Rfe1 Rce8 23. Kf2 Ne5 24. Nb4 c6 25. Ng4 Nxg4+ 26. fxg4
Rxe1 27. Rxe1 Rxe1 28. Kxe1 a5 29. Nxc6 bxc6 30. Kd2 Ke6 31. Ke3 Kd5 32. g3 Kc4
33. h4 Bb1 34. a3 Kb3 35. Kd4 Kxb2 36. a4 Kb3 37. Kc5 Be4 0-1

[Event "Bad Woerishofen Sen"]
[Site "Bad Woerishofen"]
[Date "2001.??.??"]
[Round "1"]
[White "Budde, Reinhard"]
[Black "Buesdorf, Konrad"]
[Result "0-1"]
[WhiteElo "1688"]
[BlackElo "1901"]
[Annotator "ChessOrg"]
[PlyCount "88"]
[EventDate "1998.03.05"]
[Source "ChessBase"]
[SourceDate "1998.04.29"]

1. e4 e5 2. Nf3 Nc6 3. Bb5 a6 4. Ba4 Nf6 5. O-O b5 6. Bb3 Be7 7. Re1 O-O 8. c3
d6 9. h3 Na5 10. Bc2 c5 11. d4 Qc7 12. Nbd2 Nc6 13. d5 Nb8 14. Nf1 Nbd7 15. Bg5
Re8 16. Rc1 Nf8 17. a3 Qd8 18. Ng3 h6 19. Bd2 Bd7 20. Bb1 a5 21. c4 Rb8 22.
cxb5 Rxb5 23. Bc3 Ng6 24. Bd3 Rb8 25. Rb1 Nf4 26. Bf1 Qb6 27. Qd2 a4 28. Qe3
Rb7 29. Ne2 N6h5 30. g4 Nxe2+ 31. Qxe2 Nf4 32. Qd1 Qc7 33. Kh2 Reb8 34. Kg3 Qc8
35. Ba6 h5 36. Bxb7 Rxb7 37. Rh1 Bxg4 38. Qf1 h4+ 39. Nxh4 Bxh4+ 40. Kxh4 Bf3
41. Rh2 Qd8+ 42. Kg3 Bxe4 43. h4 Bxb1 44. Qxb1 Ne2+ 0-1

[Event "Bad Woerishofen Sen"]
[Site "Bad Woerishofen"]
[Date "2001.??.??"]
[Round "5"]
[White "Budde, Reinhard"]
[Black "Krueger, Manfred"]
[Result "1-0"]
[WhiteElo "1688"]
[BlackElo "1700"]
[Annotator "ChessOrg"]
[PlyCount "68"]
[EventDate "1998.03.05"]
[Source "ChessBase"]
[SourceDate "1998.04.29"]

1. e4 e5 2. Nf3 Nc6 3. Bb5 a6 4. Ba4 b5 5. Bb3 Bc5 6. O-O Nf6 7. c3 d6 8. d4
exd4 9. cxd4 Ba7 10. e5 dxe5 11. dxe5 Qxd1 12. Rxd1 Ne4 13. Rf1 Nc5 14. Bd5 Bd7
15. Be3 O-O 16. Ng5 h6 17. Nf3 Bb6 18. Nc3 Rab8 19. Rad1 Ne7 20. Bxc5 Bxc5 21.
Bxf7+ Rxf7 22. Rxd7 c6 23. Ne4 Bb4 24. a3 Rf4 25. axb4 Rxe4 26. Rxe7 Rxb4 27.
Rc7 Rc4 28. e6 Re8 29. Re1 g5 30. h3 a5 31. e7 Rf4 32. Rxc6 Kg7 33. Ree6 Kf7
34. Ne5+ Kg7 1-0

[Event "Bad Woerishofen Sen"]
[Site "Bad Woerishofen"]
[Date "2001.??.??"]
[Round "8"]
[White "Budde, Reinhard"]
[Black "Barlo, Werner"]
[Result "1-0"]
[WhiteElo "1688"]
[BlackElo "1703"]
[Annotator "ChessOrg"]
[PlyCount "64"]
[EventDate "1998.03.05"]
[Source "ChessBase"]
[SourceDate "1998.04.29"]

1. e4 c5 2. Nf3 Nc6 3. d4 cxd4 4. Nxd4 g6 5. Nc3 Bg7 6. Nxc6 bxc6 7. Bc4 Qa5 8.
Bd2 Qb4 9. Bb3 Bxc3 10. Bxf7+ Kxf7 11. Qf3+ Nf6 12. Bxc3 Qc4 13. b3 Qe6 14.
O-O-O d6 15. Rhe1 Qg4 16. Qe3 Re8 17. Qd4 c5 18. Qd2 Bb7 19. f3 Qe6 20. e5 dxe5
21. Qh6 Kg8 22. Rxe5 Qf7 23. Rxc5 Rac8 24. Rxc8 Rxc8 25. Bxf6 exf6 26. Qh3 f5
27. Qh4 Qc7 28. c4 a5 29. a4 Qb6 30. Qe7 Qb4 31. Qe6+ Kg7 32. Rd7+ Kh6 1-0

[Event "Bad Woerishofen Sen"]
[Site "Bad Woerishofen"]
[Date "2001.??.??"]
[Round "2"]
[White "Buesdorf, Konrad"]
[Black "Fahnenschmidt, Gerhard"]
[Result "0-1"]
[WhiteElo "1901"]
[BlackElo "2270"]
[Annotator "ChessOrg"]
[PlyCount "54"]
[EventDate "1998.03.05"]
[Source "ChessBase"]
[SourceDate "1998.04.29"]

1. d4 Nf6 2. c4 c5 3. d5 b5 4. cxb5 a6 5. Nc3 axb5 6. Nxb5 Qa5+ 7. Nc3 Bb7 8.
Bd2 Qb4 9. g3 g6 10. Bg2 Bg7 11. e4 O-O 12. Nge2 Ng4 13. O-O d6 14. a3 Qb6 15.
Qc2 Nd7 16. h3 Nge5 17. Rfb1 Ba6 18. Nc1 Nc4 19. Be1 Rfb8 20. b4 cxb4 21. axb4
Bb5 22. Rxa8 Rxa8 23. Nxb5 Qxb5 24. Bf1 Ndb6 25. Nb3 Qa4 26. Rd1 Na3 27. Rd3
Nxc2 0-1

[Event "Bad Woerishofen Sen"]
[Site "Bad Woerishofen"]
[Date "2001.??.??"]
[Round "4"]
[White "Buesdorf, Konrad"]
[Black "Gudat, Alfons"]
[Result "0-1"]
[WhiteElo "1901"]
[BlackElo "2051"]
[Annotator "ChessOrg"]
[PlyCount "84"]
[EventDate "1998.03.05"]
[Source "ChessBase"]
[SourceDate "1998.04.29"]

1. d4 Nf6 2. c4 e6 3. Nc3 Bb4 4. Bd2 O-O 5. Nf3 b6 6. g3 Bb7 7. Bg2 d6 8. O-O
Nbd7 9. Rc1 c5 10. Nb5 Bxd2 11. Qxd2 Ne4 12. Qf4 Qe7 13. d5 a6 14. Nc7 Rac8 15.
Qxe4 Rxc7 16. Qd3 e5 17. e4 Bc8 18. Nh4 g6 19. Qe3 Nf6 20. f4 Ng4 21. Qe2 exf4
22. Rxf4 Ne5 23. Rcf1 b5 24. b3 bxc4 25. bxc4 Rb7 26. R4f2 Rb4 27. Rc1 Bd7 28.
Nf3 Bg4 29. h3 Bxf3 30. Bxf3 Rfb8 31. Rc2 Qg5 32. Kg2 a5 33. h4 Qe7 34. h5 a4
35. Qf1 Qg5 36. Rc3 Rb2 37. hxg6 hxg6 38. Bd1 Rd2 39. Bxa4 Rbb2 40. Rc2 Ng4 41.
Rxb2 Ne3+ 42. Kh1 Nxf1 0-1

[Event "Bad Woerishofen Sen"]
[Site "Bad Woerishofen"]
[Date "2001.??.??"]
[Round "6"]
[White "Buesdorf, Konrad"]
[Black "Pukropski, Walter"]
[Result "1-0"]
[WhiteElo "1901"]
[BlackElo "1700"]
[Annotator "ChessOrg"]
[PlyCount "203"]
[EventDate "1998.03.05"]
[Source "ChessBase"]
[SourceDate "1998.04.29"]

1. d4 Nf6 2. c4 c6 3. Nc3 d5 4. e3 e6 5. a3 a5 6. b3 Bd6 7. c5 Bc7 8. Bb2 Nbd7
9. b4 e5 10. Nf3 e4 11. Nd2 Nf8 12. Be2 Ng6 13. b5 Qe7 14. b6 Bd8 15. a4 Be6
16. Nb3 Nh4 17. O-O O-O 18. g3 Ng6 19. Nb1 Bh3 20. Re1 Qd7 21. f3 exf3 22. Bxf3
Ne4 23. Bxe4 dxe4 24. Bc3 Bg4 25. Qc2 h5 26. N1d2 f5 27. Nxa5 h4 28. Nac4 hxg3
29. hxg3 Ne7 30. Qb3 Nd5 31. Ne5 Qe6 32. Bb2 Bh3 33. a5 Ra6 34. Qc4 Bg5 35. Qb3
Qh6 36. Ndc4 Be7 37. Qc2 Qg5 38. Qh2 Qh6 39. Bc1 Kh7 40. Kf2 g5 41. Rh1 g4 42.
Bd2 Kg7 43. Ke2 Qe6 44. Qf2 Bg5 45. Kd1 Be7 46. Kc2 Rh8 47. Rh2 Rd8 48. Rah1
Rh8 49. Qe2 Nf6 50. Qe1 Nd5 51. Qb1 Nf6 52. Qb3 Nd5 53. Rf2 Rf8 54. Rb1 Rc8 55.
Kd1 Rd8 56. Na3 Kf6 57. Nc2 Bxc5 58. Nb4 Bxb4 59. Bxb4 Rda8 60. Rc1 Nxb4 61.
Qxb4 Rxa5 62. Nxc6 Ra1 63. Na7 Ra2 64. Rxa2 Qxa2 65. Qd6+ Qe6 66. Qxe6+ Kxe6
67. Rc7 Rb8 68. Ke2 Bg2 69. Rc5 Bf3+ 70. Kd2 Rd8 71. Nb5 Rh8 72. d5+ Kf6 73. d6
Rh2+ 74. Kc3 Rh8 75. Rd5 Rc8+ 76. Kb2 Ra8 77. Nd4 Bd1 78. Rxf5+ Kg6 79. Re5 Ba4
80. Rxe4 Rd8 81. Re6+ Kf7 82. e4 Bd7 83. Re7+ Kf8 84. e5 Bc8 85. Kc3 Re8 86.
Rxe8+ Kxe8 87. e6 Bxe6 88. Nxe6 Kd7 89. Nc5+ Kxd6 90. Nxb7+ Kc6 91. Nd8+ Kxb6
92. Kd4 Kc7 93. Nf7 Kd7 94. Ke4 Ke7 95. Ne5 Kf6 96. Kf4 Kg7 97. Kxg4 Kh6 98.
Kf5 Kg7 99. g4 Kf8 100. g5 Kg7 101. g6 Kf8 102. Kf6 1-0

[Event "Bad Woerishofen Sen"]
[Site "Bad Woerishofen"]
[Date "2001.??.??"]
[Round "8"]
[White "Buesdorf, Konrad"]
[Black "Schumacher, Horst"]
[Result "0-1"]
[WhiteElo "1901"]
[BlackElo "1687"]
[Annotator "ChessOrg"]
[PlyCount "90"]
[EventDate "1998.03.05"]
[Source "ChessBase"]
[SourceDate "1998.04.29"]

1. d4 d5 2. c4 Bf5 3. Nc3 e6 4. a3 Nc6 5. e3 a6 6. Nf3 Be7 7. b4 h6 8. Be2 Bf6
9. O-O g5 10. Nd2 Qd7 11. Nb3 b6 12. Bb2 Nce7 13. a4 c6 14. b5 dxc4 15. Bxc4
cxb5 16. axb5 a5 17. Na4 Rb8 18. Rc1 h5 19. Qe2 Nd5 20. e4 Nf4 21. Qf3 Bg4 22.
Qe3 h4 23. d5 Bxb2 24. Nxb2 e5 25. Nd3 f6 26. f3 Bh5 27. Nf2 Nh6 28. Rfd1 g4
29. d6 gxf3 30. gxf3 Qg7+ 31. Ng4 Bxg4 32. Kf2 Bd7 33. Bf1 Rg8 34. Ke1 Ng2+ 35.
Bxg2 Qxg2 36. Rd5 Qxh2 37. Nd2 Qg1+ 38. Qxg1 Rxg1+ 39. Nf1 h3 40. Rc2 Rg2 41.
Rf2 Rc8 42. Rd1 Rc2 43. Rdd2 Rc1+ 44. Ke2 Bxb5+ 45. Ke3 Re1+ 0-1

[Event "Bad Woerishofen Sen"]
[Site "Bad Woerishofen"]
[Date "2001.??.??"]
[Round "2"]
[White "Claus, Joachim"]
[Black "Kasueschke, Gregor"]
[Result "0-1"]
[WhiteElo "1790"]
[BlackElo "2030"]
[Annotator "ChessOrg"]
[PlyCount "79"]
[EventDate "1998.03.05"]
[Source "ChessBase"]
[SourceDate "1998.04.29"]

1. e4 c6 2. d4 d5 3. exd5 cxd5 4. Bd3 Nc6 5. c3 Nf6 6. Nf3 Bg4 7. Qb3 Na5 8.
Qa4+ Bd7 9. Qc2 Qb6 10. a4 Nb3 11. Ra3 Nxc1 12. Qxc1 e6 13. Ra1 Bd6 14. Ne5
Bxe5 15. dxe5 Ng4 16. O-O Nxe5 17. Be2 O-O 18. a5 Qc7 19. Qf4 Rac8 20. Nd2 Ng6
21. Qd4 Qf4 22. Nb3 Qxd4 23. Nxd4 Nf4 24. Rfe1 e5 25. Nb3 Be6 26. Bd1 f6 27.
Nc1 Bf7 28. Bg4 Rc7 29. g3 Ng6 30. Nd3 Rd8 31. Rac1 Ne7 32. b4 b6 33. axb6 axb6
34. Nb2 Ra8 35. Bd1 Be8 36. c4 Ra2 37. Re2 Kf8 38. c5 bxc5 39. Rxc5 Rxc5 40.
bxc5 0-1

[Event "Bad Woerishofen Sen"]
[Site "Bad Woerishofen"]
[Date "2001.??.??"]
[Round "4"]
[White "Claus, Joachim"]
[Black "Kuehn, Peter"]
[Result "1/2-1/2"]
[WhiteElo "1790"]
[BlackElo "2003"]
[Annotator "ChessOrg"]
[PlyCount "84"]
[EventDate "1998.03.05"]
[Source "ChessBase"]
[SourceDate "1998.04.29"]

1. e4 c5 2. d4 cxd4 3. c3 dxc3 4. Nxc3 Nc6 5. Nf3 d6 6. Bc4 e6 7. O-O Nf6 8.
Qe2 a6 9. Rd1 Qc7 10. Bf4 Be7 11. Rac1 Qb8 12. Bb3 O-O 13. Nd5 exd5 14. exd5
Ne5 15. Nxe5 dxe5 16. Bxe5 Bd6 17. Bxf6 gxf6 18. Qh5 Bf4 19. Rc4 Qe5 20. Qh4
Re8 21. g3 Bg5 22. Qh5 Qe2 23. Qxe2 Rxe2 24. Rc7 Bh3 25. d6 Rd8 26. Rxf7 Kh8
27. Re7 Rxb2 28. d7 Rxd7 29. Rexd7 Bxd7 30. Rxd7 a5 31. Rxb7 a4 32. Bd5 Rxb7
33. Bxb7 Bc1 34. Kg2 Kg7 35. f4 f5 36. Ba6 Kf6 37. Kf3 a3 38. Bd3 h6 39. h3 Bd2
40. g4 fxg4+ 41. hxg4 Bc1 42. Ke4 Bd2 1/2-1/2

[Event "Bad Woerishofen Sen"]
[Site "Bad Woerishofen"]
[Date "2001.??.??"]
[Round "8"]
[White "Claus, Joachim"]
[Black "Margraf, Achim"]
[Result "1/2-1/2"]
[WhiteElo "1790"]
[BlackElo "1913"]
[Annotator "ChessOrg"]
[PlyCount "68"]
[EventDate "1998.03.05"]
[Source "ChessBase"]
[SourceDate "1998.04.29"]

1. e4 c5 2. d4 cxd4 3. c3 dxc3 4. Nxc3 e6 5. Nf3 a6 6. Bc4 Qc7 7. Qe2 d6 8. O-O
Be7 9. Rd1 Nf6 10. Bf4 Nbd7 11. Rac1 Ne5 12. Nxe5 dxe5 13. Be3 O-O 14. Bb3 Qb8
15. Na4 Nd7 16. Nb6 Nxb6 17. Bxb6 a5 18. Bc7 Qa7 19. Bxe5 Bc5 20. Rxc5 Qxc5 21.
Bd6 Qg5 22. Bxf8 Kxf8 23. Qd3 b5 24. Qd6+ Qe7 25. Qb6 Bb7 26. Bc2 b4 27. h3 g6
28. f3 Rc8 29. Ba4 Qc5+ 30. Qxc5+ Rxc5 31. Kf2 Bc6 32. Bxc6 Rxc6 33. Rd2 Ke7
34. e5 Rc1 1/2-1/2

[Event "Bad Woerishofen Sen"]
[Site "Bad Woerishofen"]
[Date "2001.??.??"]
[Round "2"]
[White "Czeitschner, Roland"]
[Black "Thielemann, Joachim"]
[Result "1/2-1/2"]
[WhiteElo "1808"]
[BlackElo "2061"]
[Annotator "ChessOrg"]
[PlyCount "80"]
[EventDate "1998.03.05"]
[Source "ChessBase"]
[SourceDate "1998.04.29"]

1. d4 Nf6 2. c4 e5 3. dxe5 Ng4 4. Nf3 Bc5 5. e3 Nc6 6. Be2 Ngxe5 7. O-O d6 8.
Nc3 a5 9. b3 O-O 10. Bb2 Re8 11. Nd4 Bd7 12. Na4 Ba7 13. Nb5 Bb8 14. Nac3 Ne7
15. Qd2 Bc6 16. Rad1 Qd7 17. Nd4 Ba7 18. Ncb5 Bc5 19. a3 f6 20. b4 axb4 21.
axb4 Bb6 22. Ra1 Bxb5 23. Nxb5 Qe6 24. Qc3 c6 25. c5 dxc5 26. bxc5 cxb5 27.
cxb6 Qxb6 28. Qb3+ Kh8 29. Qxb5 Qxb5 30. Bxb5 Rec8 31. Bxe5 fxe5 32. Rxa8 Rxa8
33. Rd1 Kg8 34. Rd7 Ra1+ 35. Bf1 Kf8 36. Rxb7 Nd5 37. g3 Rd1 38. Kg2 Rd2 39.
Kf3 Nf6 40. e4 Rd4 1/2-1/2

[Event "Bad Woerishofen Sen"]
[Site "Bad Woerishofen"]
[Date "2001.??.??"]
[Round "4"]
[White "Czeitschner, Roland"]
[Black "Schumacher, Horst"]
[Result "1-0"]
[WhiteElo "1808"]
[BlackElo "1687"]
[Annotator "ChessOrg"]
[PlyCount "35"]
[EventDate "1998.03.05"]
[Source "ChessBase"]
[SourceDate "1998.04.29"]

1. d4 d5 2. c4 Bf5 3. cxd5 Bxb1 4. Rxb1 Qxd5 5. a3 Nc6 6. Nf3 O-O-O 7. e3 e5 8.
Be2 exd4 9. exd4 Nxd4 10. O-O Qe4 11. Nxd4 Qxb1 12. Bg4+ f5 13. Bxf5+ Qxf5 14.
Nxf5 Rxd1 15. Rxd1 g6 16. Bg5 b6 17. Rd8+ Kb7 18. Rxf8 1-0

[Event "Bad Woerishofen Sen"]
[Site "Bad Woerishofen"]
[Date "2001.??.??"]
[Round "6"]
[White "Czeitschner, Roland"]
[Black "Kasueschke, Gregor"]
[Result "0-1"]
[WhiteElo "1808"]
[BlackElo "2030"]
[Annotator "ChessOrg"]
[PlyCount "96"]
[EventDate "1998.03.05"]
[Source "ChessBase"]
[SourceDate "1998.04.29"]

1. d4 d5 2. c4 c6 3. Nc3 Nf6 4. cxd5 cxd5 5. Bf4 Nc6 6. Nf3 Bf5 7. h3 e6 8. a3
Be7 9. e3 O-O 10. Bd3 Bxd3 11. Qxd3 Rc8 12. b4 Nxb4 13. axb4 Bxb4 14. Rc1 Rxc3
15. Rxc3 Ne4 16. O-O Bxc3 17. Rc1 Ba5 18. Qb5 Bb6 19. Qb4 Re8 20. Ne5 f6 21.
Nd3 Qe7 22. Qb5 Kf7 23. Qb3 Nd2 24. Qc3 Nc4 25. Qb3 Rc8 26. Qa4 Nb2 27. Qb5
Rxc1+ 28. Nxc1 Nc4 29. Nd3 Qe8 30. Qb1 Qa4 31. Nc5 Bxc5 32. dxc5 Qc6 33. Qxh7
Qe8 34. Bd6 Nxd6 35. cxd6 Qd7 36. Qh5+ Kg8 37. Kf1 e5 38. f4 Qxd6 39. Qe8+ Qf8
40. Qe6+ Qf7 41. Qc8+ Kh7 42. Qc2+ Qg6 43. Qd2 Qe4 44. Kf2 exf4 45. exf4 d4 46.
g3 b6 47. Qe2 f5 48. Qd2 a5 0-1

[Event "Bad Woerishofen Sen"]
[Site "Bad Woerishofen"]
[Date "2001.??.??"]
[Round "8"]
[White "Czeitschner, Roland"]
[Black "Kuehn, Peter"]
[Result "0-1"]
[WhiteElo "1808"]
[BlackElo "2003"]
[Annotator "ChessOrg"]
[PlyCount "88"]
[EventDate "1998.03.05"]
[Source "ChessBase"]
[SourceDate "1998.04.29"]

1. d4 g6 2. c4 f5 3. g3 Nf6 4. Nc3 Bg7 5. Bg2 c6 6. Nf3 d6 7. O-O O-O 8. Qc2
Qe8 9. d5 Na6 10. a3 Nc7 11. dxc6 bxc6 12. b4 Rb8 13. e3 Bd7 14. Bb2 h6 15. h4
Ng4 16. Rad1 Qf7 17. Ne2 Bxb2 18. Qxb2 Qxc4 19. Rc1 Qf7 20. Qd2 d5 21. Nfd4 Qf6
22. Rc5 Ne5 23. Rc3 Nc4 24. Qc1 e5 25. Nb3 g5 26. Nc5 Be8 27. hxg5 hxg5 28. f3
f4 29. exf4 gxf4 30. gxf4 exf4 31. Kf2 Qh4+ 32. Kg1 Rf6 33. Qe1 Qh6 34. Nd4 Rg6
35. Rxc4 dxc4 36. Qe5 Qg5 37. Qe2 Bf7 38. Rd1 Re8 39. Qf2 Nd5 40. Rd2 Ne3 41.
Ne4 Rxe4 42. fxe4 c3 43. Re2 Bc4 44. Nf3 Qh6 0-1

[Event "Bad Woerishofen Sen"]
[Site "Bad Woerishofen"]
[Date "2001.??.??"]
[Round "2"]
[White "Delander, Adolf"]
[Black "Koenigl, Anton"]
[Result "1-0"]
[WhiteElo "2266"]
[BlackElo "1741"]
[Annotator "ChessOrg"]
[PlyCount "55"]
[EventDate "1998.03.05"]
[Source "ChessBase"]
[SourceDate "1998.04.29"]

1. d4 Nf6 2. Nd2 d5 3. c4 e6 4. e3 Be7 5. Ngf3 O-O 6. Bd3 c5 7. cxd5 exd5 8.
dxc5 Bxc5 9. O-O Nc6 10. a3 Qe7 11. b4 Bd6 12. Bb2 Ne5 13. Nxe5 Bxe5 14. Bxe5
Qxe5 15. Nf3 Qe7 16. h3 Ne4 17. Qc2 Bf5 18. Nd4 Bg6 19. Rac1 Nd6 20. Bxg6 hxg6
21. Qc5 Qe5 22. Nf3 Qe6 23. Rcd1 Nc4 24. Rxd5 Rfc8 25. Qd4 Nxa3 26. Ng5 Qf6 27.
Qh4 Nc4 28. Rd7 1-0

[Event "Bad Woerishofen Sen"]
[Site "Bad Woerishofen"]
[Date "2001.??.??"]
[Round "4"]
[White "Delander, Adolf"]
[Black "Servaty, Rudolf"]
[Result "1/2-1/2"]
[WhiteElo "2266"]
[BlackElo "2260"]
[Annotator "ChessOrg"]
[PlyCount "37"]
[EventDate "1998.03.05"]
[Source "ChessBase"]
[SourceDate "1998.04.29"]

1. d4 Nf6 2. Nf3 e6 3. e3 b6 4. c4 Bb7 5. Bd3 Be7 6. O-O O-O 7. Nbd2 d5 8. b3
Nbd7 9. Bb2 Ne4 10. Qe2 f5 11. Rad1 a5 12. a4 Bb4 13. Nb1 Qe7 14. Ne1 c5 15.
Nc2 Rad8 16. Nxb4 axb4 17. f3 dxc4 18. Bxc4 Nd6 19. Nd2 1/2-1/2

[Event "Bad Woerishofen Sen"]
[Site "Bad Woerishofen"]
[Date "2001.??.??"]
[Round "6"]
[White "Delander, Adolf"]
[Black "Perk, Egbert"]
[Result "1/2-1/2"]
[WhiteElo "2266"]
[BlackElo "2071"]
[Annotator "ChessOrg"]
[PlyCount "33"]
[EventDate "1998.03.05"]
[Source "ChessBase"]
[SourceDate "1998.04.29"]

1. d4 Nf6 2. Nf3 e6 3. c4 d5 4. e3 Be7 5. Nbd2 Nbd7 6. Bd3 b6 7. O-O Bb7 8. Qc2
O-O 9. e4 dxe4 10. Nxe4 Nxe4 11. Bxe4 Bxe4 12. Qxe4 Nf6 13. Qc2 c5 14. Be3 Qc7
15. dxc5 Bxc5 16. Bg5 Be7 17. Qe2 1/2-1/2

[Event "Bad Woerishofen Sen"]
[Site "Bad Woerishofen"]
[Date "2001.??.??"]
[Round "8"]
[White "Delander, Adolf"]
[Black "Rahn, Oskar"]
[Result "1/2-1/2"]
[WhiteElo "2266"]
[BlackElo "2055"]
[Annotator "ChessOrg"]
[PlyCount "61"]
[EventDate "1998.03.05"]
[Source "ChessBase"]
[SourceDate "1998.04.29"]

1. d4 Nf6 2. Nf3 d5 3. c4 e6 4. Nc3 Be7 5. e3 O-O 6. Bd3 Nbd7 7. O-O c5 8. cxd5
exd5 9. Ne5 Nxe5 10. dxe5 Ng4 11. Nxd5 Nxe5 12. Bxh7+ Kxh7 13. Qh5+ Kg8 14.
Qxe5 Bd6 15. Qe4 Re8 16. Qf3 Qh4 17. g3 Qh3 18. Bd2 Bg4 19. Qg2 Qh5 20. f4 Bf5
21. Nc3 Bh3 22. Qf3 Qxf3 23. Rxf3 Rad8 24. Re1 c4 25. Rf2 a6 26. e4 Bc5 27. Be3
Rxe4 28. Nxe4 Bxe3 29. Kh1 Bxf2 30. Nxf2 Be6 31. Rd1 1/2-1/2

[Event "Bad Woerishofen Sen"]
[Site "Bad Woerishofen"]
[Date "2001.??.??"]
[Round "1"]
[White "Dinser, Hans"]
[Black "Bergmeister, E."]
[Result "1-0"]
[WhiteElo "1906"]
[BlackElo "1691"]
[Annotator "ChessOrg"]
[PlyCount "75"]
[EventDate "1998.03.05"]
[Source "ChessBase"]
[SourceDate "1998.04.29"]

1. d4 d5 2. e4 dxe4 3. Nc3 Nf6 4. Bg5 Bf5 5. Bc4 Nbd7 6. f3 h6 7. Bh4 Nb6 8.
Bb3 g5 9. Bg3 e6 10. Be5 Bd6 11. Bxf6 Qxf6 12. fxe4 Bg6 13. e5 Bxe5 14. dxe5
Qxe5+ 15. Qe2 Qxe2+ 16. Ngxe2 Rd8 17. Rd1 Ke7 18. Kf2 c5 19. a3 c4 20. Ba2 Bxc2
21. Rxd8 Rxd8 22. Rc1 Bf5 23. Ke1 e5 24. Ng3 Be6 25. Bb1 Nd5 26. Nxd5+ Bxd5 27.
Nf5+ Ke6 28. g3 h5 29. Rd1 Rc8 30. Kd2 Bf3 31. Re1 Rd8+ 32. Kc3 Kf6 33. Bc2 g4
34. Nh4 Re8 35. Nxf3 gxf3 36. Be4 Kg5 37. Bxf3 f5 38. Bxb7 1-0

[Event "Bad Woerishofen Sen"]
[Site "Bad Woerishofen"]
[Date "2001.??.??"]
[Round "3"]
[White "Dinser, Hans"]
[Black "Antusch, Ingrid"]
[Result "1-0"]
[WhiteElo "1906"]
[BlackElo "1700"]
[Annotator "ChessOrg"]
[PlyCount "71"]
[EventDate "1998.03.05"]
[Source "ChessBase"]
[SourceDate "1998.04.29"]

1. d4 f5 2. g3 Nf6 3. Bg2 d5 4. Nh3 e6 5. O-O Bd6 6. c4 c6 7. c5 Bc7 8. Nd2 O-O
9. Nf3 Nbd7 10. Nf4 Qe8 11. Nd3 e5 12. dxe5 Nxe5 13. Nfxe5 Bxe5 14. e3 Qe7 15.
Rb1 Ne4 16. Qc2 Bc7 17. b4 b5 18. Bb2 a5 19. a3 a4 20. Rbd1 Bd7 21. Bd4 Rae8
22. Nf4 g5 23. Ne2 h5 24. f4 h4 25. Bxe4 Qxe4 26. Qxe4 fxe4 27. fxg5 Bg4 28.
Rxf8+ Rxf8 29. Re1 hxg3 30. Nxg3 Bh3 31. Bf6 Bd8 32. Nh5 Bg4 33. Bxd8 Rxd8 34.
Nf6+ Kg7 35. Nxg4 Kg6 36. Ne5+ 1-0

[Event "Bad Woerishofen Sen"]
[Site "Bad Woerishofen"]
[Date "2001.??.??"]
[Round "5"]
[White "Dinser, Hans"]
[Black "Perk, Egbert"]
[Result "0-1"]
[WhiteElo "1906"]
[BlackElo "2071"]
[Annotator "ChessOrg"]
[PlyCount "120"]
[EventDate "1998.03.05"]
[Source "ChessBase"]
[SourceDate "1998.04.29"]

1. d4 Nf6 2. c4 g6 3. Nc3 Bg7 4. e4 d6 5. f4 O-O 6. Nf3 e6 7. Be2 c5 8. dxc5
dxc5 9. Qxd8 Rxd8 10. e5 Ne8 11. Be3 Na6 12. a3 Bf8 13. h4 Bd7 14. h5 Bc6 15.
hxg6 hxg6 16. Kf2 Bg7 17. Ng5 b6 18. Rh2 Nac7 19. Rah1 f6 20. exf6 Nxf6 21. Nh7
Nxh7 22. Rxh7 Ne8 23. R7h4 Nf6 24. Bf3 Bxf3 25. gxf3 Rd3 26. Rd1 Rxd1 27. Nxd1
Nh5 28. Rg4 Kf7 29. Ke2 Rd8 30. b3 Bd4 31. Nf2 Ng7 32. Nd3 Nf5 33. Bxd4 Nxd4+
34. Ke3 Nf5+ 35. Ke2 Nd4+ 36. Ke3 Nf5+ 37. Ke2 Ne7 38. Rh4 Kg7 39. b4 cxb4 40.
axb4 Rd4 41. c5 bxc5 42. Nxc5 Rd6 43. Rh1 Rb6 44. Ra1 Nc8 45. Rc1 Ne7 46. Nd3
Nd5 47. Rc4 Kf7 48. Kf2 Rb7 49. Re4 Rc7 50. Nc5 Rc6 51. Kg3 Kf6 52. Nd3 Rb6 53.
Nc5 Kg7 54. Nd3 Rd6 55. Nc5 Kf7 56. Rd4 Rb6 57. Nd3 Kf6 58. Re4 Rb5 59. Nc5 Nc7
60. Kg4 a5 0-1

[Event "Bad Woerishofen Sen"]
[Site "Bad Woerishofen"]
[Date "2001.??.??"]
[Round "7"]
[White "Dinser, Hans"]
[Black "Kraft, Hans"]
[Result "1/2-1/2"]
[WhiteElo "1906"]
[BlackElo "2100"]
[Annotator "ChessOrg"]
[PlyCount "120"]
[EventDate "1998.03.05"]
[Source "ChessBase"]
[SourceDate "1998.04.29"]

1. d4 c5 2. d5 e5 3. c4 Nf6 4. Nc3 d6 5. e4 Be7 6. Bd3 O-O 7. Nge2 Ne8 8. Ng3
g6 9. Qc2 Ng7 10. Bh6 Nd7 11. O-O Nf6 12. Nce2 Kh8 13. f3 Ng8 14. Bxg7+ Kxg7
15. f4 exf4 16. Nxf4 Nf6 17. h3 Nd7 18. Be2 Bh4 19. Nh1 Ne5 20. g3 Bf6 21. Kg2
Kg8 22. Nf2 Bg7 23. N2d3 Qe7 24. Rab1 b6 25. b3 Bd7 26. Nxe5 Qxe5 27. Bf3 Rae8
28. Nd3 Qe7 29. Rbe1 b5 30. Nf2 Rb8 31. Be2 bxc4 32. Bxc4 a5 33. a4 Qe5 34. Qd3
Rb7 35. Ng4 Qg5 36. Rf4 h5 37. h4 Qe7 38. Nh2 Be5 39. Rff1 Bg7 40. Qd2 Rb4 41.
Qd3 Bc8 42. Nf3 Bg4 43. Nh2 Bd7 44. Nf3 Be5 45. Ng5 Bg4 46. Nf3 Bxf3+ 47. Qxf3
Rb7 48. Qd3 Ra7 49. Re2 Bd4 50. Rf3 Qe5 51. Qd2 Qg7 52. Qd3 f6 53. Qc2 Qh6 54.
Re1 Re7 55. Ref1 Rff7 56. Bd3 Be5 57. Qc1 Kg7 58. Qe1 Ra7 59. Qc1 Qh8 60. Qc2
Qb8 1/2-1/2